Prírodný rekreačno - relaxačný komplex Bachledova dolina

Salvato in:
Dettagli Bibliografici
Autore principale: Kadaši, Pavol (Autore)
Altri autori: Pilař, Pavol (Relatore della tesi)
Natura: Manoscritto Libro
Lingua:slovacco
Pubblicazione: 2021
Soggetti:
Accesso online:http://is.stuba.sk/zp/portal_zp.pl?podrobnosti=138722
https://opac.crzp.sk/?fn=detailBiblioForm&sid=FD93F7145DB968626BD335EFB2D7
Tags: Aggiungi Tag
Nessun Tag, puoi essere il primo ad aggiungerne!!

MARC

LEADER 00000ntm a22000003a 4500
001 stuzp78537
003 SK-STU
005 20230517145251.6
007 ta
008 150427s2015----xo-----f-mn---000-0-slo-d
040 |a STU  |b slo 
041 0 |a slo 
100 1 |a Kadaši, Pavol  |u 010310  |4 aut  |U SvF Stavebná fakulta  |T SvF Katedra architektúry  |X 87976  |U V181|V310  |Y 19  |7 87976 
242 0 1 |a Recreation - relaxation complex in nature  |y eng 
245 1 0 |a Prírodný rekreačno - relaxačný komplex Bachledova dolina 
260 |c 2021 
650 4 |a panoramatický výhľad  |2 slo 
650 4 |a rekreačné bývanie  |2 slo 
650 4 |a Bachledova dolina  |2 slo 
650 4 |a ubytovanie v prírode  |2 slo 
650 4 |a moderná architektúra  |2 slo 
650 4 |a panoramatic view  |2 eng 
650 4 |a recreational housing  |2 eng 
650 4 |a Bachledova Valley  |2 eng 
650 4 |a accommodation in nature  |2 eng 
650 4 |a modern architecture  |2 eng 
700 1 |a Pilař, Pavol  |u 010310  |k Z1  |4 ths  |U SvF Stavebná fakulta  |T SvF Katedra architektúry  |X 59136  |U V181|V310  |Y 19  |7 A000059136 
856 4 |u http://is.stuba.sk/zp/portal_zp.pl?podrobnosti=138722 
856 4 |u https://opac.crzp.sk/?fn=detailBiblioForm&sid=FD93F7145DB968626BD335EFB2D7